El renacimiento en Roma: 1400-1600
Enregistré dans:
| Auteur principal: | |
|---|---|
| Format: | Livre |
| Langue: | espagnol |
| Publié: |
Madrid
Akal
2007
|
| Collection: | Arte en Contexto, 10
|
| Sujets: | |
| Tags: |
Ajouter un tag
Pas de tags, Soyez le premier à ajouter un tag!
|
MARC
| LEADER | 00000nam a2200000 a 4500 | ||
|---|---|---|---|
| 001 | UCI7994 | ||
| 003 | CL-VaPUC | ||
| 008 | 080731e20070000SP |||||||||||||||||spa|d | ||
| 020 | |a 9788446024712 | ||
| 082 | 0 | 4 | |a 709.01 |b PAR |2 21 |
| 100 | |a Partridge, Loren |e autor |9 531446 | ||
| 245 | 1 | 3 | |a El renacimiento en Roma: 1400-1600 |
| 300 | |a 183 p | ||
| 942 | |c BK | ||
| 945 | |d 20080731 00:00:00 |a jtorresc | ||
| 260 | |a Madrid |b Akal |c 2007 | ||
| 650 | 0 | |a Historia del arte |9 314877 | |
| 650 | 0 | |a Civilizaciones antiguas |9 265998 | |
| 650 | 0 | |a Renacimiento |9 255107 | |
| 650 | 0 | |a Civilización romana |9 438909 | |
| 650 | 0 | |a Papas |9 258738 | |
| 650 | 0 | |a Arte romano |9 267838 | |
| 651 | 0 | |a Roma |9 255106 | |
| 583 | |a last modification |c 20180417 03:53:03 |k Rodrigo Vera | ||
| 490 | 0 | |a Arte en Contexto, 10 | |
| 999 | |c 331098 |d 331096 | ||
| 952 | |0 0 |1 0 |4 0 |6 709_010000000000000_PAR_2007 |7 0 |8 A |9 417218 |a BIBHIS |b BIBHIS |d 2019-11-22 |i 4468155 |o 709.01 PAR 2007 |p 4468155 |r 2025-01-20 |w 2019-11-22 |y BK |k HIS | ||